| 000 | 00836nam a22002297a 4500 | ||
|---|---|---|---|
| 999 |
_c16119 _d16119 |
||
| 003 | AR-CdUCM | ||
| 008 | 190502b ||||| |||| 00| 0 spa d | ||
| 040 |
_aMUNICIPALIDAD PROVINCIAL DEL CUSCO _cBIBLIOTECA MUNICIPAL DEL CUSCO |
||
| 082 |
_a335.4 / _bB94 |
||
| 100 |
_aBurns, Emile _935406 |
||
| 245 | _aIntroducción al marxismo / | ||
| 260 |
_aMéxico, D.F : _bGrijalbo, _c1972. |
||
| 300 |
_a158 páginas ; _c19 cm. |
||
| 440 |
_aColección 70 ; _n121 _935407 |
||
| 505 | _aContenido: Una visión científica del mundo -- Las leyes del desarrollo social -- La sociedad capitalista -- El estado imperialista del capitalismo ... | ||
| 650 |
_aMarxismo _924 |
||
| 650 |
_aLuchas sociales _99086 |
||
| 650 |
_aImperialismo _93454 |
||
| 700 |
_aSempere, Joaquin (traductor) _935408 |
||
| 942 |
_2ddc _cLIBROS |
||
| 945 |
_aacv _d2019-05-02 |
||